00409cam a22001332 4500001001100000005001700011008004100028020002900069040001500098100003100113245007800144260004200222300001100264000000942520151217160119.0081027s xx 000 0 eng d a0333001745 :cKES 221.25 aKABUcKABU1 aEliot, George.@000016088310aSilas marner /cGeorge Eliot; retold in simple English by Katherine Lang. aLondon :bMacmillan Education,c1955. a98 p.